000
00313nam a2200121Ia 4500
008
190216s9999||||xx |||||||||||||| ||und||
100
_a
Gupta S K & Sharma R K
245
0
_a
Financial Management Theory And Practice
260
_b
Kalyani Publisher
_c
2000
300
_a
38.20p
650
_a
Commerce
942
_c
BK
999
_c
6094
_d
6094